My mama had a dancing heart / (Record no. 4078)

MARC details
000 -LEADER
fixed length control field 01132pam a2200361 a 4500
001 - CONTROL NUMBER
control field 4078
003 - CONTROL NUMBER IDENTIFIER
control field FISKH
005 - DATE AND TIME OF LATEST TRANSACTION
control field 20240607111053.0
008 - FIXED-LENGTH DATA ELEMENTS--GENERAL INFORMATION
fixed length control field 941220s1995 nyua j 000 1 eng
010 ## - LIBRARY OF CONGRESS CONTROL NUMBER
LC control number 94048802
020 ## - INTERNATIONAL STANDARD BOOK NUMBER
International Standard Book Number 0531094707
020 ## - INTERNATIONAL STANDARD BOOK NUMBER
International Standard Book Number 078073006991
020 ## - INTERNATIONAL STANDARD BOOK NUMBER
International Standard Book Number 0531087700 (lib. bdg.)
040 ## - CATALOGING SOURCE
Original cataloging agency DLC
Transcribing agency DLC
Modifying agency DLC
Language of cataloging eng
042 ## - AUTHENTICATION CODE
Authentication code lcac
050 00 - LIBRARY OF CONGRESS CALL NUMBER
Classification number PZ7.G7793
Item number My 1995
082 00 - DEWEY DECIMAL CLASSIFICATION NUMBER
Classification number 792.8
Edition number 20
100 1# - MAIN ENTRY--PERSONAL NAME
Personal name Gray, Libba Moore.
245 10 - TITLE STATEMENT
Title My mama had a dancing heart /
Statement of responsibility, etc. by Libba Moore Gray ; illustrated by Raúl Colón.
260 ## - PUBLICATION, DISTRIBUTION, ETC.
Place of publication, distribution, etc. New York :
Name of publisher, distributor, etc. Scholastic,
Date of publication, distribution, etc. 1995.
300 ## - PHYSICAL DESCRIPTION
Extent 32 unnumbered pages :
Other physical details color illustrations ;
Dimensions 26 cm
505 ## - FORMATTED CONTENTS NOTE
Formatted contents note R<br/>
520 ## - SUMMARY, ETC.
Summary, etc. A ballet dancer recalls how she and her mother would welcome each season with a dance outdoors.
521 8# - TARGET AUDIENCE NOTE
Target audience note 700<br/>
Source Lexile adjusted<br/>
521 8# - TARGET AUDIENCE NOTE
Target audience note R<br/>
Source Raz-Plus<br/>
650 #1 - SUBJECT ADDED ENTRY--TOPICAL TERM
Topical term or geographic name entry element Dance
General subdivision Fiction.
650 #1 - SUBJECT ADDED ENTRY--TOPICAL TERM
Topical term or geographic name entry element Mothers and daughters
General subdivision Fiction.
650 #1 - SUBJECT ADDED ENTRY--TOPICAL TERM
Topical term or geographic name entry element Seasons
General subdivision Fiction.
700 1# - ADDED ENTRY--PERSONAL NAME
Personal name Colón, Raúl,
Relator term illustrator
906 ## - LOCAL DATA ELEMENT F, LDF (RLIN)
a 7
b cbc
c orignew
d 1
e ocip
f 19
g y-gencatlg
942 ## - ADDED ENTRY ELEMENTS (KOHA)
Source of classification or shelving scheme Dewey Decimal Classification
Koha item type Books
Suppress in OPAC No
Holdings
Withdrawn status Lost status Source of classification or shelving scheme Damaged status Not for loan Collection Home library Current library Shelving location Date acquired Total Checkouts Full call number Barcode Date last seen Price effective from Koha item type
    Dewey Decimal Classification     Fiction Footprints International School Library Network Toul Kork Campus Footprints International School Library Network Toul Kork Campus TK Primary Library Room(4th Floor), Bookcase 5&6, Shelves 33-56, Orange Books 06/05/2024   GRA 792.8 PZ7.G7793 FISTKG4B060 06/05/2024 06/05/2024 Books